[Event "Lichtenberger Sommer 2023"]
[Site "Berlin"]
[Date "2023.08.16"]
[Round "5.51"]
[White "Schmidt, Jürgen"]
[Black "Fock, Madiha"]
[Result "1-0"]
[WhiteElo "1891"]
[BlackElo "1667"]
[PlyCount "61"]
[EventDate "2023.??.??"]
[WhiteTeam "SC Kreuzberg e.V."]
[BlackTeam "TSG Oberschöneweide e.V."]

1. e4 c5 2. Nf3 d6 3. d4 cxd4 4. Nxd4 Nf6 5. Nc3 a6 6. Bc4 e6 7. Bb3 b5 8. a3
Bb7 9. f3 Nbd7 10. Be3 Nc5 11. Ba2 Qc7 12. Qe2 Be7 13. O-O O-O 14. Kh1 Rfd8 15.
Bd2 d5 16. e5 Nfd7 17. b4 Na4 18. Nxa4 bxa4 19. f4 a5 20. Rf3 axb4 21. axb4 Qb6
22. c3 Qa7 23. f5 exf5 24. e6 Nf6 25. Nxf5 Bc8 26. exf7+ Kxf7 27. Re1 Bxf5 28.
Rxf5 Ke8 29. Qe6 Qa6 30. Rxf6 gxf6 31. Qxe7# 1-0

[Event "Lichtenberger Sommer 2023"]
[Site "Berlin"]
[Date "2023.08.16"]
[Round "5.52"]
[White "Tedesco, Gennaro"]
[Black "Grassi, Fabrizio"]
[Result "1-0"]
[WhiteElo "1712"]
[BlackElo "1878"]
[PlyCount "67"]
[EventDate "2023.??.??"]
[WhiteTeam "SC Kreuzberg e.V."]
[BlackTeam "SV Berlin-Friedrichstadt"]

1. c4 e5 2. g3 Nf6 3. Bg2 d5 4. cxd5 Nxd5 5. Nc3 Nb6 6. Nf3 Nc6 7. O-O Be7 8.
Rb1 O-O 9. b4 Nxb4 10. Nxe5 c6 11. a3 N4d5 12. Nxd5 Nxd5 13. e4 Nb6 14. d3 Be6
15. a4 Qd4 16. Nf3 Qxa4 17. Qxa4 Nxa4 18. Rxb7 Rfe8 19. Nd4 Nc5 20. Rxe7 Rxe7
21. Ba3 Rd7 22. Bxc5 a5 23. Ra1 a4 24. Nxe6 fxe6 25. d4 Rdd8 26. e5 Rdc8 27.
Be4 Ra6 28. Bd3 Ra5 29. Bb6 Raa8 30. Ra3 Rcb8 31. Bc5 Rb3 32. Bc4 Rb1+ 33. Kg2
Kf7 34. Rf3+ 1-0

[Event "Lichtenberger Sommer 2023"]
[Site "Berlin"]
[Date "2023.08.16"]
[Round "5.53"]
[White "Kapr, Klaus"]
[Black "Sklorz, Tobias"]
[Result "1-0"]
[WhiteElo "1876"]
[BlackElo "1658"]
[PlyCount "63"]
[EventDate "2023.??.??"]
[WhiteTeam "SC Friesen Lichtenberg e.V."]
[BlackTeam "Tempelhofer SV Mariendorf 1897"]

1. e4 c5 2. Nf3 d6 3. d4 cxd4 4. Nxd4 Nf6 5. Nc3 Nc6 6. Be2 e5 7. Nb3 Be7 8.
Be3 O-O 9. O-O a5 10. a4 Nb4 11. f4 Be6 12. f5 Bd7 13. Nd5 Nfxd5 14. exd5 Bg5
15. Bd2 Nxd5 16. f6 Bxd2 17. Qxd2 Qb6+ 18. Kh1 Nxf6 19. Rxf6 gxf6 20. Qh6 d5
21. Rf1 Ra6 22. Bxa6 Bg4 23. Rxf6 Qb4 24. Bd3 e4 25. Qg5+ Kh8 26. Qe5 Kg8 27.
Bf1 Be6 28. Nd4 Qxb2 29. h4 Re8 30. h5 Qc1 31. h6 Qe3 32. Rxe6 1-0

[Event "Lichtenberger Sommer 2023"]
[Site "Berlin"]
[Date "2023.08.16"]
[Round "5.54"]
[White "Sakalli, Selcuk Orkun"]
[Black "Damm, Yannic"]
[Result "0-1"]
[WhiteElo "1706"]
[BlackElo "1873"]
[PlyCount "110"]
[EventDate "2023.??.??"]
[WhiteTeam "SC Zugzwang 95 e.V."]
[BlackTeam "SC Bonn Beuel"]

1. d4 Nf6 2. c4 e6 3. Nc3 Bb4 4. Bg5 c5 5. d5 d6 6. e3 exd5 7. cxd5 Nbd7 8.
Nge2 Qa5 9. Bf4 Ne4 10. Qd3 Ndf6 11. f3 c4 12. Qxc4 Nxc3 13. bxc3 Ba3 14. Rb1
Bd7 15. e4 Rc8 16. Qb3 O-O 17. Bd2 Bc5 18. c4 Bf2+ 19. Kxf2 Qxd2 20. Rb2 Qh6
21. Nd4 b6 22. Qe3 Qh5 23. Bd3 Qh4+ 24. g3 Qh3 25. Qf4 Ne8 26. Nf5 Bxf5 27.
exf5 Rd8 28. Bf1 Qh5 29. h4 f6 30. Bd3 Nc7 31. g4 Qe8 32. Re2 Qa4 33. g5 Nxd5
34. Qd4 Nb4 35. Bb1 Qa5 36. a3 Qxa3 37. Rg1 Kh8 38. Re7 Nc6 39. gxf6 Nxd4 40.
fxg7+ Kg8 41. f6 Qxf3+ 42. Ke1 Qe2+ 43. Rxe2 Nf3+ 44. Kf2 Rxf6 45. Re7 Nxg1+
46. Kxg1 Rf7 47. Bxh7+ Kxg7 48. Rxf7+ Kxf7 49. h5 Kg7 50. Bd3 Kh6 51. Be2 d5
52. cxd5 Rxd5 53. Kf2 a5 54. Ke3 Re5+ 55. Kd3 Rxe2 0-1

[Event "Lichtenberger Sommer 2023"]
[Site "Berlin"]
[Date "2023.08.16"]
[Round "5.55"]
[White "Winkler, Michael"]
[Black "Schubert, Joachim"]
[Result "1-0"]
[WhiteElo "1642"]
[BlackElo "1872"]
[PlyCount "71"]
[EventDate "2023.??.??"]
[WhiteTeam "ESV 1949 Eberswalde e.V."]
[BlackTeam "SC Friesen Lichtenberg e.V."]

1. d4 f5 2. c4 Nf6 3. Nc3 e6 4. Nf3 c6 5. Bg5 Be7 6. e3 O-O 7. Bd3 d5 8. c5
Nbd7 9. Qc2 Ne4 10. Bf4 Ndf6 11. h3 b6 12. Ne5 Qe8 13. f3 Nxc3 14. Qxc3 bxc5
15. dxc5 a5 16. O-O-O Ba6 17. Bc2 Qc8 18. g4 g6 19. Bh6 Rd8 20. h4 Ne8 21. Bg5
Ra7 22. f4 Be2 23. Rdg1 fxg4 24. Qd4 Ng7 25. h5 Bxg5 26. fxg5 gxh5 27. g6 hxg6
28. Bxg6 Rf8 29. Bxh5 Nxh5 30. Rxh5 Rg7 31. Rgh1 Rf1+ 32. Rxf1 Bxf1 33. Qf4 Be2
34. Qh6 Kf8 35. Qh8+ Rg8 36. Qf6+ 1-0

[Event "Lichtenberger Sommer 2023"]
[Site "Berlin"]
[Date "2023.08.16"]
[Round "5.56"]
[White "Kreuchauf, Olaf"]
[Black "Rosmait, Emily"]
[Result "1/2-1/2"]
[WhiteElo "1667"]
[BlackElo "1855"]
[PlyCount "49"]
[EventDate "2023.??.??"]
[WhiteTeam "SC Eintracht Berlin e.V."]
[BlackTeam "TuRa Harksheide von 1945 Norders"]

1. d4 Nf6 2. c4 e6 3. g3 Bb4+ 4. Bd2 Be7 5. Bg2 d5 6. Nf3 O-O 7. O-O Ne4 8. Qc2
Nd7 9. Nc3 Ndf6 10. c5 Nxc3 11. Bxc3 Ne4 12. Bb4 f5 13. Ne5 Bd7 14. a4 Be8 15.
f3 Nf6 16. Bd2 Nd7 17. Nd3 Bf6 18. Bc3 Qe7 19. Rae1 c6 20. e4 Bg6 21. exd5 cxd5
22. Nf4 Bf7 23. Nxd5 Qd8 24. Nxf6+ Nxf6 25. b4 1/2-1/2

[Event "Lichtenberger Sommer 2023"]
[Site "Berlin"]
[Date "2023.08.16"]
[Round "5.57"]
[White "Bezhenar, Georgy"]
[Black "Straßburg, Moritz"]
[Result "1-0"]
[WhiteElo "1833"]
[BlackElo "1300"]
[PlyCount "35"]
[EventDate "2023.??.??"]
[WhiteTeam "SC Kreuzberg e.V."]
[BlackTeam "SF Nordost Berlin"]

1. d4 d5 2. c4 e6 3. Nc3 Nf6 4. cxd5 exd5 5. Bg5 Be7 6. Qc2 Be6 7. e3 Nbd7 8.
Bd3 c6 9. Nge2 h6 10. Bh4 Bd6 11. f3 Qc7 12. Bf2 Nh5 13. g4 Nhf6 14. h3 Nf8 15.
O-O-O O-O-O 16. Kb1 Kb8 17. e4 Be7 18. Bg3 1-0

[Event "Lichtenberger Sommer 2023"]
[Site "Berlin"]
[Date "2023.08.16"]
[Round "5.58"]
[White "von Huebschmann, Andreas"]
[Black "Scheide, Helmut"]
[Result "0-1"]
[WhiteElo "1617"]
[BlackElo "1832"]
[PlyCount "44"]
[EventDate "2023.??.??"]
[WhiteTeam "vereinslos"]
[BlackTeam "USV Potsdam e.V., Abt. Schach"]

1. d4 Nf6 2. c4 e6 3. Nf3 d5 4. e3 Nbd7 5. Nc3 Bb4 6. Bd2 c6 7. a3 Bxc3 8. Bxc3
Ne4 9. cxd5 exd5 10. Bd3 Ndf6 11. Qc2 O-O 12. Nd2 Re8 13. O-O Qc7 14. Nxe4 dxe4
15. Be2 Re6 16. Qd1 Nd5 17. Rc1 Rh6 18. g3 Qd7 19. f4 Nxe3 20. Qd2 Nxf1 21.
Rxf1 Qh3 22. Bc4 e3 0-1

[Event "Lichtenberger Sommer 2023"]
[Site "Berlin"]
[Date "2023.08.16"]
[Round "5.59"]
[White "Vandre, Wolfgang"]
[Black "Schilly, Hans-Joachim"]
[Result "1-0"]
[WhiteElo "2095"]
[BlackElo "1687"]
[PlyCount "73"]
[EventDate "2023.??.??"]
[WhiteTeam "SC Berolina Mitte e.V."]
[BlackTeam "SF Siemensstadt"]

1. d4 d5 2. c4 c6 3. Nf3 Nf6 4. Nc3 e6 5. Bg5 dxc4 6. e4 Be7 7. Bxc4 O-O 8. O-O
Qc7 9. e5 Nd5 10. Ne4 h6 11. Bxe7 Nxe7 12. Rc1 Qb6 13. Qd2 Na6 14. Rc3 Qd8 15.
Rd1 Nc7 16. Nd6 Ncd5 17. Rb3 b5 18. Bd3 a5 19. Bb1 b4 20. Ne1 Ng6 21. Rg3 Ndf4
22. Rg4 Nd5 23. Nxf7 Rxf7 24. Bxg6 Rf8 25. Bb1 Kh8 26. Qc2 Rf5 27. Qxc6 Bd7 28.
Qc2 Rc8 29. Qd2 Rg5 30. Rxg5 Qxg5 31. Qxg5 hxg5 32. Nd3 Bb5 33. Nc5 Nf4 34. f3
Ne2+ 35. Kf2 Nxd4 36. Rxd4 Rxc5 37. Rd8+ 1-0

[Event "Lichtenberger Sommer 2023"]
[Site "Berlin"]
[Date "2023.08.16"]
[Round "5.60"]
[White "Dreke, Frank"]
[Black "Engelhardt, Erhard"]
[Result "1-0"]
[WhiteElo "1946"]
[BlackElo "1709"]
[PlyCount "65"]
[EventDate "2023.??.??"]
[WhiteTeam "SV Mattnetz Berlin e.V."]
[BlackTeam "SSV Rotation Berlin e.V."]

1. c4 e6 2. g3 d5 3. Bg2 f5 4. b3 c6 5. Bb2 Nf6 6. Nf3 Bd6 7. O-O O-O 8. d3 Qe7
9. Nbd2 e5 10. cxd5 cxd5 11. e4 fxe4 12. dxe4 Bg4 13. h3 Bxf3 14. Nxf3 d4 15.
Qc2 Nbd7 16. Ne1 Rac8 17. Qe2 Rc7 18. Nd3 Rfc8 19. Rac1 Ba3 20. Rfd1 Bxb2 21.
Qxb2 Rc3 22. Kh2 Qd6 23. Qd2 R8c6 24. f4 Qc7 25. Rxc3 Rxc3 26. Nxe5 Nxe5 27.
fxe5 Qxe5 28. Qxd4 Qxg3+ 29. Kh1 Rc2 30. Rg1 Ng4 31. Qd8+ Kf7 32. Qd7+ Kf8 33.
Qxg4 1-0

[Event "Lichtenberger Sommer 2023"]
[Site "Berlin"]
[Date "2023.08.16"]
[Round "5.61"]
[White "Paashaus, Detlef"]
[Black "Aßmus, Sven"]
[Result "1-0"]
[WhiteElo "1931"]
[BlackElo "1683"]
[PlyCount "119"]
[EventDate "2023.??.??"]
[WhiteTeam "HSK Lister Turm"]
[BlackTeam "SV Mattnetz Berlin e.V."]

1. e4 c6 2. d4 d5 3. e5 Bf5 4. h4 h6 5. Bd3 Bxd3 6. Qxd3 Qb6 7. e6 fxe6 8. Nf3
Nf6 9. Ne5 Ne4 10. Nd2 Nd7 11. Nxd7 Kxd7 12. Nxe4 dxe4 13. Qxe4 Qa5+ 14. Kf1
Qf5 15. Qe2 g6 16. Bd2 Bg7 17. Bc3 Bf6 18. Rh3 Qb5 19. Qxb5 cxb5 20. Re1 Rhf8
21. h5 gxh5 22. Rxh5 Bg5 23. Rh3 Rac8 24. Re2 Rf5 25. Rd3 Rd5 26. Be1 Rf8 27.
Bd2 a6 28. Bxg5 hxg5 29. c3 Rh8 30. f3 Kd6 31. Rde3 Rh6 32. Kf2 Rf5 33. Kg3 Kd5
34. Re5+ Kd6 35. Kf2 Rhf6 36. Ke1 Rh6 37. Kd2 Rhf6 38. Kc2 Rh6 39. Kb3 Rg6 40.
Kb4 Rf8 41. Ka5 Rc8 42. Kb6 Rc6+ 43. Kxb7 Kd7 44. d5 Rc7+ 45. Kxa6 exd5+ 46.
Kxb5 e6 47. a4 Rc6 48. a5 Rg8 49. R5e3 Rh8 50. b4 Rb8+ 51. Ka4 Ra8 52. Rb2 Kd6
53. b5 Rc5 54. a6 e5 55. Rb4 Ra7 56. Rg4 Rg7 57. b6 Rc8 58. b7 Rcg8 59. Rb4 Kc7
60. a7 1-0

[Event "Lichtenberger Sommer 2023"]
[Site "Berlin"]
[Date "2023.08.16"]
[Round "5.62"]
[White "Nguyen, Tuan Kiet"]
[Black "Lorenz, Veronika"]
[Result "0-1"]
[WhiteElo "1873"]
[BlackElo "1668"]
[PlyCount "132"]
[EventDate "2023.??.??"]
[WhiteTeam "SG Eckturm"]
[BlackTeam "TSG Oberschöneweide e.V."]

1. e4 e5 2. Nf3 Nc6 3. Bb5 a6 4. Ba4 Nf6 5. O-O Be7 6. Re1 b5 7. Bb3 d6 8. c3
O-O 9. h3 Na5 10. Bc2 c5 11. d4 Qc7 12. Nbd2 cxd4 13. cxd4 Nc6 14. d5 Nb4 15.
Bb1 a5 16. a3 Na6 17. b4 axb4 18. axb4 Bd7 19. Qb3 Nc5 20. Qc3 Rxa1 21. Qxa1
Na4 22. Bd3 Rc8 23. Nb1 Qb7 24. Be3 Bd8 25. Na3 Rc3 26. Rd1 Bb6 27. Bxb6 Qxb6
28. Ne1 g6 29. Rc1 Rxc1 30. Qxc1 Qd4 31. Nac2 Qc3 32. Qd1 Nb2 33. Qa1 Nh5 34.
Bf1 Kg7 35. Qa7 Nf6 36. f3 Nc4 37. Qf2 Nh5 38. Qa7 Nf6 39. Qf2 Be8 40. g4 h6
41. Bxc4 bxc4 42. Qe3 Qb2 43. Qa3 c3 44. Qa6 Qb1 45. Kf2 Qc1 46. Qe2 Ba4 47. b5
Qb2 48. b6 Qxb6+ 49. Qe3 Qb2 50. Qe2 Nd7 51. Ne3 Nc5 52. Nc4 Qxe2+ 53. Kxe2 Bb5
54. Kd1 Bxc4 55. Kc2 Na4 56. h4 h5 57. gxh5 gxh5 58. Ng2 Be2 59. Ne3 Bxf3 60.
Nf5+ Kg6 61. Nxd6 Kf6 62. Kc1 Nc5 63. Kc2 Nxe4 64. Nb5 Ke7 65. d6+ Kd7 66. Kd3
Be2+ 0-1

[Event "Lichtenberger Sommer 2023"]
[Site "Berlin"]
[Date "2023.08.16"]
[Round "5.63"]
[White "Schmidt, Fabian"]
[Black "Christen, Jan"]
[Result "1-0"]
[WhiteElo "1848"]
[BlackElo "1604"]
[PlyCount "63"]
[EventDate "2023.??.??"]
[WhiteTeam "SV Königsjäger Süd-West e.V."]
[BlackTeam "Barnimer SF im SV Sta"]

1. e4 e5 2. Nf3 Nf6 3. Nxe5 d6 4. Nf3 Nxe4 5. d4 d5 6. Bd3 Bd6 7. O-O O-O 8. c4
c6 9. Qc2 Na6 10. Bxe4 dxe4 11. Qxe4 Re8 12. Qc2 Nb4 13. Qb3 Bf5 14. Na3 c5 15.
dxc5 Bxc5 16. Bf4 Qb6 17. Bg3 Re2 18. Nb5 Nd3 19. Nh4 Rxb2 20. Qc3 Bb4 21. Qd4
Qxd4 22. Nxd4 Be4 23. Rfd1 Bc5 24. Nb3 Bb6 25. Rd2 Rc8 26. Rxb2 Nxb2 27. c5
Bxc5 28. Re1 f5 29. Re2 Nd3 30. Kf1 Bc6 31. Nxf5 Bb6 32. Ne7+ 1-0

[Event "Lichtenberger Sommer 2023"]
[Site "Berlin"]
[Date "2023.08.16"]
[Round "5.64"]
[White "Hafermann, Lara"]
[Black "Krüger, Ekkehard"]
[Result "0-1"]
[WhiteElo "1590"]
[BlackElo "1842"]
[PlyCount "56"]
[EventDate "2023.??.??"]
[WhiteTeam "SC Borussia Lichtenberg"]
[BlackTeam "SG NARVA Berlin e.V."]

1. d4 Nf6 2. Nf3 e6 3. e3 d5 4. Bd3 c5 5. O-O c4 6. Be2 Nc6 7. Nbd2 Bd6 8. c3
b5 9. Qc2 Bb7 10. e4 dxe4 11. Nxe4 Nxe4 12. Qxe4 Qe7 13. a4 a6 14. axb5 axb5
15. Rxa8+ Bxa8 16. Ne5 Bxe5 17. dxe5 Qc5 18. Bf3 O-O 19. Re1 Ne7 20. Be3 Qc7
21. Qd4 Bxf3 22. gxf3 Nd5 23. Kh1 Nxe3 24. fxe3 Rd8 25. Qh4 Rd2 26. Ra1 h6 27.
Qe4 f5 28. exf6 Qxh2# 0-1

[Event "Lichtenberger Sommer 2023"]
[Site "Berlin"]
[Date "2023.08.16"]
[Round "5.65"]
[White "Ruddat, Mathias"]
[Black "Willich, Manfred"]
[Result "1/2-1/2"]
[WhiteElo "1514"]
[BlackElo "1837"]
[PlyCount "59"]
[EventDate "2023.??.??"]
[WhiteTeam "TSG Oberschöneweide e.V."]
[BlackTeam "SK Turm Bad Hersfeld"]

1. e4 c5 2. Nc3 a6 3. f4 d6 4. Nf3 Nc6 5. Bc4 e6 6. O-O b5 7. Be2 Qc7 8. d4
cxd4 9. Nxd4 Bb7 10. Nxc6 Bxc6 11. Bd3 Nf6 12. Qe2 Be7 13. Bd2 b4 14. Nd1 Qb7
15. Nf2 h5 16. a3 d5 17. e5 Ne4 18. axb4 Nxd2 19. Qxd2 Bxb4 20. Qe2 a5 21. b3
Bc5 22. Kh1 Qb4 23. Nh3 Bd4 24. Ra2 g6 25. Ng5 Bc5 26. h4 Be7 27. Qf2 Qc5 28.
Qe2 Qb4 29. Qf2 Qc5 30. Qe2 1/2-1/2

[Event "Lichtenberger Sommer 2023"]
[Site "Berlin"]
[Date "2023.08.16"]
[Round "5.66"]
[White "Ettel, Ralf"]
[Black "Hoyer, Olaf"]
[Result "0-1"]
[WhiteElo "1511"]
[BlackElo "1826"]
[PlyCount "28"]
[EventDate "2023.??.??"]
[WhiteTeam "SK König Tegel 1949 e.V."]
[BlackTeam "SC Braunschweig Gliesmarode v. 1"]

1. d4 Nf6 2. Nf3 b6 3. g3 Bb7 4. Bg2 e6 5. O-O Be7 6. c4 O-O 7. Nc3 c5 8. Bf4
d6 9. Qd3 cxd4 10. Nb5 e5 11. Nxe5 Bxg2 12. Kxg2 dxe5 13. Bxe5 Nc6 14. Rad1
Nxe5 0-1

[Event "Lichtenberger Sommer 2023"]
[Site "Berlin"]
[Date "2023.08.16"]
[Round "5.67"]
[White "Kandeler, Christian"]
[Black "Beduschi, Ben"]
[Result "1-0"]
[WhiteElo "1804"]
[BlackElo "1604"]
[PlyCount "57"]
[EventDate "2023.??.??"]
[WhiteTeam "TSG Oberschöneweide e.V."]
[BlackTeam "Barnimer SF im SV Sta"]

1. e4 e5 2. Nf3 Nf6 3. Nxe5 d6 4. Nf3 Nxe4 5. d4 d5 6. Bd3 Bd6 7. O-O O-O 8. c4
c6 9. Nc3 Nxc3 10. bxc3 Be6 11. Ng5 h6 12. Nxe6 fxe6 13. Qg4 Qf6 14. f4 Nd7 15.
Rb1 b6 16. Be3 Rad8 17. Rf3 Kh8 18. Rbf1 Qe7 19. Bf2 Nf6 20. Qh3 Qf7 21. Re1
Rde8 22. g3 Re7 23. Rfe3 Rfe8 24. a4 a5 25. Rb1 Rb8 26. Re2 Qh5 27. Qxh5 Nxh5
28. Rbe1 Rbe8 29. Bg6 1-0

[Event "Lichtenberger Sommer 2023"]
[Site "Berlin"]
[Date "2023.08.16"]
[Round "5.68"]
[White "Oppermann, Peter"]
[Black "Vaz da Cruz, Vinicius"]
[Result "1-0"]
[WhiteElo "1796"]
[BlackElo "1600"]
[PlyCount "159"]
[EventDate "2023.??.??"]
[WhiteTeam "SK Bad Harzburg"]
[BlackTeam "SSV Rotation Berlin e.V."]

1. d4 d5 2. Nf3 Nf6 3. e3 c5 4. b3 Bg4 5. Bb2 Nc6 6. Be2 e6 7. Nbd2 cxd4 8.
exd4 Bd6 9. O-O Qc7 10. h3 Bf5 11. a3 O-O 12. c4 Rfe8 13. cxd5 exd5 14. Bb5 a6
15. Bxc6 bxc6 16. Ne5 Re6 17. f4 Ne4 18. g4 Nxd2 19. Qxd2 Be4 20. Rac1 Bxe5 21.
dxe5 Qb6+ 22. Bd4 Qxb3 23. Rc3 Qa4 24. f5 Rh6 25. Kh2 Rb8 26. Be3 Rb3 27. Bxh6
Rxc3 28. Qxc3 gxh6 29. Rc1 d4 30. Qb4 Qb5 31. Qxb5 axb5 32. Kg3 d3 33. Kf4 Bd5
34. Rd1 Bc4 35. Ke3 Kf8 36. Kd4 Ke7 37. Kc5 Kd7 38. a4 Kc7 39. axb5 cxb5 40. h4
Kd7 41. g5 h5 42. Kb6 Kd8 43. Kc6 Ke7 44. Rd2 Kd8 45. Kd6 Ke8 46. Rd1 Kd8 47.
Kc6 Kc8 48. Ra1 Kb8 49. f6 Bb3 50. Kxb5 d2 51. e6 Bxe6 52. Rd1 Kc7 53. Kc5 Bf5
54. Rxd2 Be6 55. Rd6 Bf5 56. Rc6+ Kd7 57. Kb6 Be6 58. Rc2 Kd6 59. Rd2+ Ke5 60.
Re2+ Kf5 61. Kc5 Bb3 62. Kd6 Bc4 63. Rc2 Bb3 64. Rc3 Ba2 65. Ra3 Be6 66. Ra4
Bb3 67. Rb4 Ba2 68. Ke7 Be6 69. Kf8 Kg6 70. Kg8 h6 71. gxh6 Kxh6 72. Rb5 Kg6
73. Rg5+ Kxf6 74. Rxh5 Kg6 75. Ra5 f5+ 76. Kh8 f4 77. h5+ Kf7 78. Ra4 f3 79.
Rf4+ Ke7 80. h6 1-0

[Event "Lichtenberger Sommer 2023"]
[Site "Berlin"]
[Date "2023.08.16"]
[Round "5.69"]
[White "Schumacher, Gerhard"]
[Black "Hoppe, Arthur"]
[Result "0-1"]
[WhiteElo "1776"]
[BlackElo "1591"]
[PlyCount "58"]
[EventDate "2023.??.??"]
[WhiteTeam "Gardez Robe"]
[BlackTeam "SC Kreuzberg e.V."]

1. Nf3 d5 2. g3 c5 3. Bg2 Nc6 4. d3 g6 5. O-O Bg7 6. Nbd2 Nf6 7. e4 O-O 8. Re1
Qc7 9. c3 Rd8 10. Qe2 b6 11. h3 Ba6 12. e5 Ne4 13. Nxe4 dxe4 14. Qxe4 Bxd3 15.
Qf4 e6 16. b3 Rac8 17. Bb2 Ba6 18. Re3 Ne7 19. Ng5 Nd5 20. Bxd5 Rxd5 21. c4 Rd7
22. Ne4 Bb7 23. Nd6 Rcd8 24. Rd1 Qc6 25. f3 Rxd6 26. Rxd6 Rxd6 27. exd6 Bxb2
28. Rd3 Bd4+ 29. Kg2 e5 0-1

[Event "Lichtenberger Sommer 2023"]
[Site "Berlin"]
[Date "2023.08.16"]
[Round "5.71"]
[White "Schilling, Hans"]
[Black "Berndt, Ronson"]
[Result "1-0"]
[WhiteElo "1763"]
[BlackElo "1544"]
[PlyCount "33"]
[EventDate "2023.??.??"]
[WhiteTeam "SF Nordost Berlin"]
[BlackTeam "SC Borussia Lichtenberg"]

1. d4 d5 2. Nf3 Nf6 3. e3 Bf5 4. Bd3 Bg6 5. c4 c6 6. Nc3 e6 7. Ne5 Nbd7 8. Nxg6
hxg6 9. e4 dxe4 10. Nxe4 Qc7 11. h3 Qb6 12. Ng5 Bb4+ 13. Bd2 Qxd4 14. Bxb4 Qxb2
15. Bd6 Qc3+ 16. Kf1 Rh5 17. Nxe6 1-0

[Event "Lichtenberger Sommer 2023"]
[Site "Berlin"]
[Date "2023.08.16"]
[Round "5.72"]
[White "Rausch, Erik"]
[Black "Kellner, Rene"]
[Result "1/2-1/2"]
[WhiteElo "1760"]
[BlackElo "1480"]
[PlyCount "93"]
[EventDate "2023.??.??"]
[WhiteTeam "SC Kreuzberg e.V."]
[BlackTeam "Potsdamer SV Mitte e.V."]

1. e4 c6 2. d4 d5 3. e5 Bf5 4. Nf3 e6 5. Be2 c5 6. Be3 Qb6 7. b3 Nc6 8. O-O
cxd4 9. Bxd4 Bc5 10. c3 Nge7 11. Bxc5 Qxc5 12. b4 Qb6 13. b5 Na5 14. Nbd2 O-O
15. Nd4 Bg6 16. N4b3 Rac8 17. Nxa5 Qxa5 18. c4 Rfd8 19. Nb3 Qc7 20. c5 Qxe5 21.
Re1 Qb8 22. Rc1 b6 23. c6 Qd6 24. a4 Nxc6 25. bxc6 Rxc6 26. Rxc6 Qxc6 27. Nd4
Qb7 28. Qb3 e5 29. Nf3 f6 30. a5 Bf7 31. Qb4 d4 32. Bd3 Rc8 33. Be4 Qc7 34. Ra1
bxa5 35. Qa3 Qc3 36. h3 g6 37. Qxa5 d3 38. Qxc3 Rxc3 39. Rxa7 Kf8 40. Rd7 Bc4
41. Nd2 Bb5 42. Rxh7 f5 43. Bd5 Rc2 44. Rb7 Be8 45. Rb8 Ke7 46. Nb3 d2 47. Nxd2
1/2-1/2

[Event "Lichtenberger Sommer 2023"]
[Site "Berlin"]
[Date "2023.08.16"]
[Round "5.73"]
[White "Maart, Hagen"]
[Black "Rouditser, Benjamin"]
[Result "0-1"]
[WhiteElo "1334"]
[BlackElo "1756"]
[PlyCount "86"]
[EventDate "2023.??.??"]
[WhiteTeam "Kieler SG von 18"]
[BlackTeam "SG Lasker Stegli"]

1. e4 c6 2. Nc3 d5 3. d4 dxe4 4. Nxe4 Nd7 5. Nf3 Ngf6 6. Nc3 Nb6 7. g3 g6 8.
Bg2 Bg7 9. b3 O-O 10. Bb2 a5 11. a4 Nbd5 12. Ne2 b5 13. Ne5 Bb7 14. O-O b4 15.
Nc1 Nd7 16. Nc4 e6 17. Ne2 Ba6 18. Qd2 Bxc4 19. bxc4 N5b6 20. Qd3 Rc8 21. c3 c5
22. Bb7 Rc7 23. Ba6 cxd4 24. cxb4 Ne5 25. Qe4 f5 26. Qg2 d3 27. Nf4 Re8 28. c5
Nbc4 29. Bxc4 Nxc4 30. Bxg7 Kxg7 31. Rfd1 d2 32. Rab1 axb4 33. Rxb4 Rxc5 34.
Qb7+ Rc7 35. Qa6 Qc8 36. Nxe6+ Qxe6 37. Qb5 Qe1+ 38. Kg2 Re4 39. Rxd2 Nxd2 40.
Rxe4 Qxe4+ 41. Kh3 Qe1 42. a5 Qf1+ 43. Qxf1 Nxf1 0-1

[Event "Lichtenberger Sommer 2023"]
[Site "Berlin"]
[Date "2023.08.16"]
[Round "5.74"]
[White "Mayer, Herbert"]
[Black "Knol, Jeffrey"]
[Result "1/2-1/2"]
[WhiteElo "1738"]
[BlackElo "1179"]
[PlyCount "78"]
[EventDate "2023.??.??"]
[WhiteTeam "SSV Rotation Berlin e.V."]
[BlackTeam "Schaakvereniging Almere"]

1. b3 e5 2. Bb2 Nc6 3. e3 Bc5 4. Bb5 Nge7 5. d4 exd4 6. exd4 Bb6 7. Nf3 a6 8.
Bxc6 Nxc6 9. O-O O-O 10. c4 d6 11. Nc3 Re8 12. h3 Bf5 13. Qd2 h6 14. Nd5 Ba7
15. Rae1 Qd7 16. Ne3 Bg6 17. Nh4 Bh7 18. Qc3 Re7 19. d5 Bd4 20. Qd2 Bxe3 21.
Rxe3 Ne5 22. Qd4 f6 23. Rg3 Rae8 24. f4 Nf7 25. Qxf6 Nh8 26. Qxh6 Ng6 27. Rxg6
Bxg6 28. Qxg6 Re1 29. Nf5 Rxf1+ 30. Kxf1 Rf8 31. Nh6+ Kh8 32. f5 Qe7 33. Qh5
Qe4 34. Bxg7+ Kxg7 35. Qg6+ Kh8 36. Nf7+ Rxf7 37. Qxf7 Qf4+ 38. Ke1 Qe4+ 39.
Kf1 Qf4+ 1/2-1/2

[Event "Lichtenberger Sommer 2023"]
[Site "Berlin"]
[Date "2023.08.16"]
[Round "5.75"]
[White "Kohlmeyer, Dagobert"]
[Black "Reißmann, Edmund"]
[Result "1-0"]
[WhiteElo "1840"]
[BlackElo "1094"]
[PlyCount "23"]
[EventDate "2023.??.??"]
[WhiteTeam "SG Weißensee 49 e.V."]
[BlackTeam "SV Erzgebirge Stollber"]

1. e4 e6 2. d4 d5 3. Nc3 c5 4. exd5 exd5 5. Bb5+ Bd7 6. Qe2+ Qe7 7. Nxd5 Qxe2+
8. Bxe2 Bd6 9. dxc5 Bc6 10. Bf3 Bxd5 11. Bxd5 Bxc5 12. Bxb7 1-0

[Event "Lichtenberger Sommer 2023"]
[Site "Berlin"]
[Date "2023.08.16"]
[Round "5.76"]
[White "Schacht, Thomas"]
[Black "Meister, Alexander"]
[Result "0-1"]
[WhiteElo "1518"]
[BlackElo "1926"]
[PlyCount "82"]
[EventDate "2023.??.??"]
[WhiteTeam "BSV 63 Chemie Weißensee"]
[BlackTeam "SK Präsident"]

1. d4 d5 2. c4 e6 3. Nc3 Nf6 4. cxd5 exd5 5. Bg5 Nbd7 6. e3 c6 7. Bd3 Qa5 8. a3
h6 9. Bxf6 Nxf6 10. b4 Qd8 11. Nge2 Bd6 12. O-O O-O 13. f3 Re8 14. e4 dxe4 15.
fxe4 Bc7 16. Qb3 Be6 17. Bc4 Bxc4 18. Qxc4 Qd7 19. e5 Nd5 20. Rf3 Rad8 21. Raf1
Re7 22. Ne4 Qc8 23. Qc5 Qd7 24. Qxa7 b6 25. Qa4 Qg4 26. Nf2 Qg6 27. Rg3 Qh7 28.
Qxc6 f5 29. Nh3 g5 30. Nef4 Nxf4 31. Nxf4 Rxd4 32. Ne6 Bxe5 33. Rgf3 Qg6 34.
Nxd4 Bxd4+ 35. Kh1 Qxc6 36. Rxf5 Kg7 37. h3 Bc3 38. Rc1 Re1+ 39. Rxe1 Bxe1 40.
Rf3 h5 41. Re3 Qc1 0-1

[Event "Lichtenberger Sommer 2023"]
[Site "Berlin"]
[Date "2023.08.16"]
[Round "5.77"]
[White "Bernhofen, Helmut"]
[Black "Gmeiner, Joram"]
[Result "0-1"]
[WhiteElo "1549"]
[BlackElo "1847"]
[PlyCount "80"]
[EventDate "2023.??.??"]
[WhiteTeam "SC Kreuzberg e.V."]
[BlackTeam "SF Siemensstadt"]

1. Nf3 d5 2. c4 d4 3. d3 c5 4. g3 Nc6 5. a3 a5 6. Bg2 e5 7. Nbd2 f5 8. Qc2 Nf6
9. O-O Bd6 10. e3 O-O 11. exd4 exd4 12. b3 Qe8 13. Qd1 f4 14. Re1 Qg6 15. Nf1
Bg4 16. Ra2 Nd7 17. h3 Bxf3 18. Bxf3 fxg3 19. Bd5+ Kh8 20. fxg3 Bxg3 21. Rg2
Bf2+ 22. Kh1 Qf6 23. Bg5 Qd6 24. Re6 Qc7 25. Qe2 Be3 26. Bxe3 dxe3 27. Rxe3 Nd4
28. Qd1 Nf6 29. Reg3 Nf5 30. Rg5 Nxd5 31. cxd5 Qf4 32. R2g4 Qe5 33. Rg3 Nxg3+
34. Rxg3 g6 35. Rg5 Rf5 36. Rxf5 Qxf5 37. Qa1+ Kg8 38. Kh2 Re8 39. Qc1 Qxd5 40.
Qc4 Qxc4 0-1

[Event "Lichtenberger Sommer 2023"]
[Site "Berlin"]
[Date "2023.08.16"]
[Round "5.78"]
[White "Sommer, Ingo"]
[Black "Geiß, Anne"]
[Result "1-0"]
[WhiteElo "1787"]
[BlackElo "1437"]
[PlyCount "89"]
[EventDate "2023.??.??"]
[WhiteTeam "SC Kreuzberg e.V."]
[BlackTeam "SC Kreuzberg e.V."]

1. e4 e5 2. Nf3 Nf6 3. Nc3 Nc6 4. g3 Bc5 5. Bg2 a6 6. O-O O-O 7. d3 h6 8. Nd5
d6 9. c3 Nxd5 10. exd5 Ne7 11. b4 Ba7 12. Ne1 b5 13. a4 Bb7 14. c4 Bd4 15. Rb1
c6 16. dxc6 Bxc6 17. axb5 Bxg2 18. Nxg2 axb5 19. Qg4 Ng6 20. h4 Kh7 21. h5 Ne7
22. Be3 f5 23. Qe2 Qe8 24. Bxd4 exd4 25. Rfe1 Nc6 26. Qd1 Qf7 27. cxb5 Ne5 28.
Nf4 Rfb8 29. Kg2 Qb7+ 30. Kh3 Qxb5 31. Qb3 Re8 32. Rec1 Nf3 33. Rc7 Ng5+ 34.
Kg2 Qe5 35. b5 Rab8 36. b6 Qa5 37. Qb5 Qxb5 38. Rxb5 Re5 39. Nd5 Ne6 40. Ra7
Nc5 41. Nf6+ Kh8 42. Rxc5 Rxc5 43. Nd7 Rcc8 44. b7 Rd8 45. Nxb8 1-0